• 首页
  • 本馆介绍
  • 公告通知
  • 最新文献
  • 馆藏检索
  • 电子资源
  • 读者导购
  • 参考咨询
  • 我的图书馆
  • 登录
  • 详细信息显示
  • 放入我的书架
  • 预约/预借图书
  • 作者相关作品
  • 分类相关作品
  • 丛书相关作品
  • 出版社相关作品

书目信息

  • 表格格式
  • 工作单格式
  • 卡片格式
题名:
水稻生殖生物学
    
 
作者: 杨弘远 编著
分册:  
出版信息: 杭州   浙江大学出版社  2005
页数: 260页
开本: 29cm
丛书名:
单 册:
中图分类: S511.01
科图分类:
主题词: 水稻--生殖--植物生理学 , 水稻 , 生殖 , 植物生理学
电子资源:
ISBN: 7-308-04323-1
000 00891nam0 2200289 450
001 012007139772
005 20070517095722.35
010    @a7-308-04323-1@dCNY88.00
100    @a20070512d2005 km y0chiy0120 ea
101 0  @achi
102    @aCN@b330000
105    @ay z 000yy
106    @ar
200 1  @a水稻生殖生物学@Ashui dao sheng zhi sheng wu xue@f杨弘远编著@Fyang hong yuan bian zhu
210    @a杭州@c浙江大学出版社@d2005
215    @a260页@d29cm
300    @a国家十五重点图书
330    @a本书共12章,内容包括:花的诱导、幼穗发育、胚囊发育、开花与传粉、受精、胚胎发育、颖果形成、花粉雄核发育等。
510 1  @aRice reproductive biology@zeng
606 0  @a水稻@x生殖@x植物生理学
606 0  @a水稻
606 0  @a生殖
606 0  @a植物生理学
690    @aS511.01@v4
701  0 @a杨弘远@Ayang hong yuan@4编著
801  0 @aCN@bRULIN@c20070517
905    @dS511.01@e31@s5
    
    水稻生殖生物学/杨弘远编著.-杭州:浙江大学出版社,2005
    260页;29cm
    国家十五重点图书
    
    ISBN 7-308-04323-1:CNY88.00
    本书共12章,内容包括:花的诱导、幼穗发育、胚囊发育、开花与传粉、受精、胚胎发育、颖果形成、花粉雄核发育等。
●
相关链接 在E读中查询图书 在五车中查询图书 在当当中查询图书 在豆瓣中查询图书


正题名:水稻生殖生物学     索取号:S511.01/31         预约/预借

序号 登录号 条形码 馆藏地/架位号 状态 备注
1 0573017   205730173   第二样本阅览室/ [索取号:S511.01/31] 在馆    
2 0573018   205730182   第三借阅区/ [索取号:S511.01/31] 在馆    
3 0573019   205730191   第三借阅区/ [索取号:S511.01/31] 在馆    
4 0573020   205730208   第三借阅区/ [索取号:S511.01/31] 在馆    
5 0573021   205730217   第三借阅区/ [索取号:S511.01/31] 在馆    
唐山师范学院图书馆 欢迎您!
大连网信软件有限公司© 版权所有